000 00833nam a2200229Ia 4500
005 20211108100531.0
008 130821s1971 sp gr dspa
040 _aCo-BoUCM
_bspa
_cLuz Cupitra (modificó)
_dLuz Cupitra (modificó)
041 _aspa
100 _aJung, Carl Gustav
_d1875-1961
_969612
245 _aRecuerdos, sueños, pensamientos
_cCarl Gustav Jung
250 _a2a. ed.
260 _aBarcelona (España)
_bSeix-Barral
_c1971
300 _a424 páginas , 2 hojas
490 _aBiblioteca Breve Ciencias Humanas; 233
600 _aJung, Carl Gustav
_d1875-1961
_969612
600 _aJung, Carl Gustav
_d1875-1961
_vBiografías
_977697
650 0 4 _aBiografías
_97343
650 0 4 _aPerceptiva literaria
_921299
942 _cLIBRO
_a18
_e2
_mJ85
_2DEWEY
_h808.883
_n0
999 _c7280
_d7280